La estética contemporánea: una investigación
Furkejuvvon:
| Váldodahkki: | |
|---|---|
| Materiálatiipa: | Girji |
| Giella: | espánnjágiella |
| Almmustuhtton: |
Buenos Aires
Losada
1971
|
| Ráidu: | Los Fundamentos de la Cultura
|
| Fáttát: | |
| Fáddágilkorat: |
Lasit fáddágilkoriid
Eai fáddágilkorat, Lasit vuosttaš fáddágilkora!
|
MARC
| LEADER | 00000nam a2200000 a 4500 | ||
|---|---|---|---|
| 001 | UCO4583 | ||
| 003 | CL-VaPUC | ||
| 008 | 000804e19710000AG |||||||||||||||||spa|d | ||
| 082 | 0 | 4 | |a 701.17 |b MOR |2 21 |
| 100 | |a Morpurgo-Tagliabue, Guido |e autor |9 449178 | ||
| 245 | 1 | 3 | |a La estética contemporánea: una investigación |
| 300 | |a 786 p | ||
| 942 | |c BK | ||
| 945 | |d 20000804 00:00:00 |a crobeson | ||
| 260 | |a Buenos Aires |b Losada |c 1971 | ||
| 600 | 0 | 7 | |a CROCE, BENEDETTO |2 CL-VaPUC |9 324684 |
| 650 | 0 | |a Estética |9 264950 | |
| 650 | 0 | |a Teoría del arte |9 387638 | |
| 650 | 0 | |a Historia del arte |9 314877 | |
| 650 | 0 | |a Filosofía del arte |9 264951 | |
| 583 | |a last modification |c 20120613 11:26:50 |k Rodrigo Vera | ||
| 490 | 0 | |a Los Fundamentos de la Cultura | |
| 999 | |c 290613 |d 290611 | ||
| 952 | |0 0 |1 0 |4 0 |6 701_170000000000000_MOR_1971 |7 0 |8 A |9 340132 |a BIBART |b BIBART |d 2019-11-20 |i 1214446 |o 701.17 MOR 1971 |p 1214446 |r 2025-03-13 |w 2019-11-20 |y BK |k ART | ||